Cities with the Most Skyscrapers With Exceptions - Statistics

General Stats
  • This quiz has been taken 44 times
  • The average score is 11 of 16
Answer Stats
# City % Correct
30 London
98%
69 Melbourne
95%
46 Moscow
95%
41 Sydney
95%
21 Paris
93%
17 Sao Paulo
93%
12 Buenos Aires
88%
18 Frankfurt
83%
16 Brisbane
71%
48 Istanbul
71%
12 Bogota
69%
11 Warsaw
62%
66 Panama City
40%
11 Gold Coast
29%
7 Rotterdam
29%
27 Balneário Camboriú
7%
No matching quizzes found
Score Distribution
Percent of People with Each Score
Percentile by Number Answered
Your Score History
You have not taken this quiz